000 00342nam a2200133 i 4500
001 bg
100 1 _aStępień, Bohdan.
245 1 0 _aPomiary geodezyjne podczas budowy i montażu obiektów /
_cBohdan Stępień.
260 _aWarszawa,
_c1981.
040 _cBPK
041 _apol
942 _cKS
008 s pl f |000 0 pol
999 _c20264
_d20264
856 _uhttp://koha.tu.koszalin.pl/cgi-bin/koha/opac-detail.pl?biblionumber=20264
_yKatalog online BPK